| 000 | 00542nam a22001697a 4500 | ||
|---|---|---|---|
| 003 | NUST | ||
| 005 | 20260325154946.0 | ||
| 008 | 260325b ||||| |||| 00| 0 eng d | ||
| 020 | _a 978-9400718227 | ||
| 082 |
_a333.73 _bERI |
||
| 100 |
_a Eric Koomen, Judith Borsboom-van Beurden. _9133753 |
||
| 245 |
_aLand-Use Modelling in Planning Practice / _bGeoJournal Library Book 101 / _c Eric Koomen, Judith Borsboom-van Beurden. |
||
| 260 |
_aLondon: _bSpringer, _c2011. |
||
| 300 |
_a214 p ; _c29.5 cm |
||
| 563 | _aHardcover | ||
| 942 |
_2ddc _cBK |
||
| 999 |
_c616711 _d616711 |
||